000 00530nam a2200217 a 4500
999 _c5281
_d5281
001 5281
003 BD-JhCC
005 20171211201809.0
008 171211s20032004ii |||| || | 000 0 eng d
035 _a(BD-JhCC)5281
040 _aBD-JhCC
_dBD-JhCC
041 _aeng
082 _a515.33
_bCHA 2004
100 _aChatterji, P. N.
245 _aIntegral Calculus /
_c P. N. Chatterji,
260 _aIndia :
_bRajhans Agencies,
_c2004
300 _a59 p. :
_c21 cm.
650 _aCalculus
942 _2ddc
_cBK